[Event "Greifswald Ryck op 24th"]
[Site "Greifswald"]
[Date "2023.07.23"]
[Round "7"]
[White "Stegmann, Jens"]
[Black "Aydin, Erman"]
[Result "1/2-1/2"]
[WhiteElo "1765"]
[BlackElo "1482"]
[PlyCount "31"]
[EventDate "2023.07.19"]
[EventType "swiss"]
[EventRounds "7"]
[EventCountry "GER"]
[SourceTitle "CBM 215 Extra"]
[Source "ChessBase"]
[SourceDate "2023.09.30"]
[SourceVersion "1"]
[SourceVersionDate "2023.09.30"]
[SourceQuality "1"]

1. d4 d5 2. Bf4 c5 3. c3 Nc6 4. e3 Nf6 5. Bd3 e6 6. Nd2 Be7 7. h3 Qb6 8. Rb1 Bd7 9. Ngf3 a5 10. 0-0 0-0 11. Ne5 c4 12. Bc2 Rfd8 13. Qe2 a4 14. a3 Na5 15. Bg5 Be8 16. f4 1/2-1/2

[Event "Greifswald Ryck op 24th"]
[Site "Greifswald"]
[Date "2023.07.21"]
[Round "4"]
[White "Stegmann, Jens"]
[Black "Stepanjan, Marianne"]
[Result "0-1"]
[WhiteElo "1765"]
[BlackElo "1514"]
[PlyCount "36"]
[EventDate "2023.07.19"]
[EventType "swiss"]
[EventRounds "7"]
[EventCountry "GER"]
[SourceTitle "CBM 215 Extra"]
[Source "ChessBase"]
[SourceDate "2023.09.30"]
[SourceVersion "1"]
[SourceVersionDate "2023.09.30"]
[SourceQuality "1"]

1. d4 Nf6 2. Nc3 g6 3. Bf4 Bg7 4. e3 d6 5. h3 0-0 6. Nf3 Nbd7 7. Bc4 c5 8. dxc5 Nxc5 9. 0-0 Bf5 10. Nd4 Bxh3 11. gxh3 e5 12. Bg5 exd4 13. Qxd4 Ne6 14. Qh4 Nxg5 15. Qxg5 Qc8 16. Nd5 Nxd5 17. Qxd5 Qxh3 18. c3 Rae8 0-1

[Event "Potsdam Christmas 35th"]
[Site "Potsdam"]
[Date "2010.12.29"]
[Round "5.21"]
[White "Schlueter, Bernd"]
[Black "Stegmann, Jens"]
[Result "1-0"]
[WhiteElo "2004"]
[BlackElo "1839"]
[PlyCount "73"]
[EventDate "2010.12.27"]
[EventType "swiss"]
[EventRounds "7"]
[EventCountry "GER"]
[SourceTitle "EXT 2022"]
[Source "ChessBase"]
[SourceDate "2021.10.06"]
[SourceVersion "1"]
[SourceVersionDate "2021.10.06"]
[SourceQuality "1"]

1. d4 Nf6 2. Nf3 g6 3. c4 Bg7 4. Nc3 0-0 5. e4 d6 6. Be2 Nbd7 7. 0-0 e5 8. d5 a5 9. Qc2 h6 10. Ne1 Ne8 11. Be3 b6 12. f3 Nc5 13. Rb1 f5 14. a3 f4 15. Bf2 g5 16. b4 axb4 17. axb4 Nd7 18. Nb5 Rf7 19. Nd3 Bf8 20. Ra1 Rxa1 21. Rxa1 Ndf6 22. Ra8 Qd7 23. Qa4 g4 24. Qa7 Rg7 25. Qb8 gxf3 26. Bxf3 Bb7 27. Qxb7 Qh3 28. Kh1 Rxg2 29. Bxg2 Qxd3 30. Rxe8 Qd1+ 31. Bg1 Nxe8 32. Qc8 Nf6 33. Qh3 Be7 34. Nxc7 b5 35. cxb5 Bd8 36. b6 Ne8 37. Qe6+ 1-0